Précis historique des evenmens maritimes qui ont en lieu pendant les guerres de 1741, 1756, 1778 et depuis 1792 ... : (Record no. 43994)

MARC details
000 -LEADER
fixed length control field 01237cpcaa2200277 4500
001 - CONTROL NUMBER
control field mm 83062851
003 - CONTROL NUMBER IDENTIFIER
control field DLC
005 - DATE AND TIME OF LATEST TRANSACTION
control field 20260227111720.0
008 - FIXED-LENGTH DATA ELEMENTS--GENERAL INFORMATION
fixed length control field 830728|||||||||||| fre
010 ## - LIBRARY OF CONGRESS CONTROL NUMBER
LC control number mm 83062851
040 ## - CATALOGING SOURCE
Original cataloging agency DLC
Transcribing agency DLC
Description conventions dacs
Modifying agency DLC
072 #7 - SUBJECT CATEGORY CODE
Subject category code C
Source lcmd
100 1# - MAIN ENTRY--PERSONAL NAME
Personal name Bremoy [?] de
245 00 - TITLE STATEMENT
Title Précis historique des evenmens maritimes qui ont en lieu pendant les guerres de 1741, 1756, 1778 et depuis 1792 ... :
Form manuscripts,
Inclusive dates 1822-1823.
300 ## - PHYSICAL DESCRIPTION
Extent 3
Type of unit items.
506 0# - RESTRICTIONS ON ACCESS NOTE
Terms governing access Open to research.
520 8# - SUMMARY, ETC.
Summary, etc. Three volumes (numbered 2, 3, 4) relate chiefly to French involvement in the American revolution; title page indicates author (M.C. de Bxxxxx) was "Capitaine de Vaisseau en retraite, Chevalier de St. Louis."
545 0# - BIOGRAPHICAL OR HISTORICAL DATA
Biographical or historical data French naval officer.
546 ## - LANGUAGE NOTE
Language note Collection material in French.
651 #0 - SUBJECT ADDED ENTRY--GEOGRAPHIC NAME
Geographic name France
General subdivision Foreign relations
Geographic subdivision United States.
651 #0 - SUBJECT ADDED ENTRY--GEOGRAPHIC NAME
Geographic name United States
General subdivision Foreign relations
Geographic subdivision France.
651 #0 - SUBJECT ADDED ENTRY--GEOGRAPHIC NAME
Geographic name United States
General subdivision History
Chronological subdivision Revolution, 1775-1783
General subdivision Participation, French.
656 #7 - INDEX TERM--OCCUPATION
Occupation Naval officers, French.
Source of term itoamc

No items available.

Powered by Koha